00668nam a2200181 a 4500001001000000003000900010005001700019008004100036040002500077049000900102100005300111245011200164260005300276300002100329942001400350952010500364999001700469000026242DO-SdBNP20250219104747.0110307s1938 dr 000 0 spa d aDO-SdBNPbspacBNPHU aBNPD1 aCipriano, d1886-1958c de Utrera, fray, 95042010aNuestra Señora de las Mercedes :bsu templo y su culto en la ciudad de Caracas /cFray Cipriano de Utrera aCiudad Trujillo, República Dominicana:,c1938. a146 P. ;c21 cm. 2ddccLBS1 001050718RVaPDbPDcHDd2011-03-07iLF1l0o p26242-10r2020-06-25w2020-06-25y1ZNo se presta c25734d25734